书目信息 |
| 题名: |
电力工程电缆设计规范
|
|
| 作者: | ;中国电力企业联合会 主编 | |
| 分册: | ||
| 出版信息: | 北京 中国计划出版社 2008.03 |
|
| 页数: | 132页 | |
| 开本: | 21cm | |
| 丛书名: | 中华人民共和国国家标准 | |
| 单 册: | ||
| 中图分类: | TM247-65 | |
| 科图分类: | ||
| 主题词: | 电力电缆--Dian Li Dian Lan--国家标准--中国 | |
| 电子资源: | ||
| ISBN: | ||
| 000 | 01309nam 2200277 450 | |
| 001 | 1753897987 | |
| 005 | 20171208145856.04 | |
| 010 | @dCNY27.00 | |
| 091 | @a1580177·028@dCNY27.00 | |
| 100 | @a20170904d2008 km y0chiy50 ea | |
| 101 | 0 | @achi |
| 102 | @aCN@b110000 | |
| 105 | @aa l 000yy | |
| 200 | 1 | @a电力工程电缆设计规范@Adianli gongcheng dianlan sheji guifan@d= Code for design of cables of electric engineering@f主编部门中国电力企业联合会@zeng |
| 210 | @a北京@c中国计划出版社@d2008.03 | |
| 215 | @a132页@c图@d21cm | |
| 225 | 2 | @a中华人民共和国国家标准@AZhong Hua Ren Min Gong He Guo Guo Jia Biao Zhun |
| 300 | @a中华人民共和国建设部批准, 于2007-10-23 发布 2008年04月01日起施行 | |
| 330 | @a《中华人民共和国国家标准(GB 50217-2007):电力工程电缆设计规范》主要内容包括:总则、术语、电缆型式与截面选择、电缆导体材质、电力电缆芯数、电缆绝缘水平、电缆绝缘类型、电缆护层类型、控制电缆及其金属屏蔽、电力电缆导体截面、电缆附件的选择与配置等。 | |
| 410 | 0 | @12001 @a中华人民共和国国家标准 |
| 510 | 1 | @aCode for design of cables of electric engineering@zeng |
| 606 | 0 | @a电力电缆@ADian Li Dian Lan@x国家标准@y中国 |
| 690 | @aTM247-65@v5 | |
| 711 | 02 | @a中国电力企业联合会@AZhong Guo Dian Li Qi Ye Lian He Hui@4主编 |
| 801 | 0 | @aCN@c20170904 |
| 905 | @a河南城建学院图书馆@dTM247-65@eZ554@f1 | |
| 电力工程电缆设计规范= Code for design of cables of electric engineering/主编部门中国电力企业联合会.-北京:中国计划出版社,2008.03 |
| 132页:图;21cm.-(中华人民共和国国家标准) |
| 中华人民共和国建设部批准, 于2007-10-23 发布 2008年04月01日起施行 |
| ISBN :CNY27.00 |
| 《中华人民共和国国家标准(GB 50217-2007):电力工程电缆设计规范》主要内容包括:总则、术语、电缆型式与截面选择、电缆导体材质、电力电缆芯数、电缆绝缘水平、电缆绝缘类型、电缆护层类型、控制电缆及其金属屏蔽、电力电缆导体截面、电缆附件的选择与配置等。 |
| ● |
| 相关链接 |
|
|
|
正题名:电力工程电缆设计规范
索取号:TM247-65/Z554
 
预约/预借
| 序号 | 登录号 | 条形码 | 馆藏地/架位号 | 状态 | 备注 |
| 1 | 1237157 | 212371574 | 电气与控制工程学院资料室/ [索取号:TM247-65/Z554] | 在馆 | |
| 2 | 1237167 | 212371672 | 电气与控制工程学院资料室/ [索取号:TM247-65/Z554] | 在馆 |